LDR 00676naa#a2200205#i#450# 001 EN\INFRA-M\bibl\121980 005 20260502073425.6 011 ## _a2500-3291 100 ## _a20260424b2026####ek#y0engy0150####ca 102 ## _aRU 200 1# _aDevelopment of key competencies of civil 
servants using artificial 
intelligence tools _eJournal article 210 1# _aMoscow _cINFRA-M Academic Publishing LLC. _d2026 215 ## _a11 с. 608 ## _aJournal article _2local 675 ## _aУправление экономикой. 338.24 _z 700 #1 _aKoval'chuk _gV. V. 700 #1 _aMakhiyanov _gG. R. 700 #1 _aTrofimov _gK. S. 700 #1 _aChulanova _gOksana Leonidovna 856 4# _anaukaru.ru _u